LEADER 01272nas 2200337 n 450 001 990008936370403321 011 $a1535-6108 035 $a000893637 035 $aFED01000893637 035 $a(Aleph)000893637FED01 035 $a000893637 091 $2CNR$aPT02166441 100 $a--------a20029999km-y0itaa50------ba 101 0 $aeng 102 $aUS 200 1 $aCancer Cell 207 1$a2002- 210 $aCambridge (Massachusetts)$cCell Press 452 0$12001$aCancer cell 530 0 $aCancer Cell 676 $a616 801 0$aIT$bACNP$c20090723 859 4 $uhttp://acnp.cib.unibo.it/cgi-ser/start/it/cnr/dc-p1.tcl?catno=2166441&person=false&language=ITALIANO&libr=&libr_th=unina1$zBiblioteche che possiedono il periodico 901 $aSE 912 $a990008936370403321 958 $aBiblioteca del Centro di Ingegneria Genetica dell'Università$b2006-$fNAP09 959 $aNAP09 996 $aCancer Cell$9796661 997 $aUNINA AP1 8 $6866-01$aNA249 Biblioteca del Centro di Ingegneria Genetica dell'Università$e, Napoli (NA)$nit AP2 40$aacnp.cib.unibo.it$nACNP Italian Union Catalogue of Serials$uhttp://acnp.cib.unibo.it/cgi-ser/start/it/cnr/df-p.tcl?catno=2166441&language=ITALIANO&libr=&person=&B=1&libr_th=unina&proposto=NO LEADER 01272oam 2200421zu 450 001 996218712803316 005 20210807001430.0 010 $a1-4244-6359-9 035 $a(CKB)2670000000054090 035 $a(SSID)ssj0000452011 035 $a(PQKBManifestationID)12211848 035 $a(PQKBTitleCode)TC0000452011 035 $a(PQKBWorkID)10464200 035 $a(PQKB)10025491 035 $a(NjHacI)992670000000054090 035 $a(EXLCZ)992670000000054090 100 $a20160829d2010 uy 101 0 $aeng 135 $aur||||||||||| 181 $ctxt 182 $cc 183 $acr 200 10$a2010 IEEE 2nd Symposium on Web Society 210 31$a[Place of publication not identified]$cI E E E$d2010 215 $a1 online resource (748 pages) 300 $aBibliographic Level Mode of Issuance: Monograph 311 $a1-4244-6356-4 606 $aWorld Wide Web$xSocial aspects$vCongresses 606 $aInternet$xSocial aspects$vCongresses 615 0$aWorld Wide Web$xSocial aspects 615 0$aInternet$xSocial aspects 676 $a303.4833 702 $aIEEE Staff 801 0$bPQKB 906 $aPROCEEDING 912 $a996218712803316 996 $a2010 IEEE 2nd Symposium on Web Society$92504547 997 $aUNISA